Taylor Swift - Devine la chanson sans indices #53 - Statistiques

Statistiques générales
  • Ce quiz a été pris 357 fois
  • Le résultat moyen est 253 sur 361
Statistiques - réponses
Réponse % Correct
I
99%
a
97%
(ah)
97%
ah-ah,
97%
ha
97%
ha)
97%
(ha-ah,
97%
you
97%
(you)
97%
the
93%
me
90%
do"
88%
He
88%
he
88%
we
88%
it
87%
(it)
87%
your
86%
and
84%
And
84%
My
84%
my
84%
to
83%
in
81%
In
81%
is
81%
when
80%
are
79%
what
78%
this
77%
can
76%
of
76%
so
76%
"No
75%
But
74%
but
74%
it's
74%
see
73%
if
71%
know
71%
all
70%
at
70%
Say
70%
dreams,
68%
well
68%
wildest
68%
Wildest
68%
as
67%
His
67%
his
67%
get
66%
hands
66%
He's
66%
just
66%
one
66%
said,
66%
with
66%
does
65%
down
65%
(down)
65%
dress
65%
has
65%
out
65%
you'll
65%
You'll
65%
bad,
64%
last
64%
remember
63%
Even
62%
now
62%
again
61%
can't
61%
from
61%
had
61%
night
61%
our
61%
Red
61%
babe
60%
hell
60%
nice
59%
Standing
59%
sunset,
59%
town
59%
lips
58%
room
58%
Staring
58%
city,
57%
hair,
57%
handsome
57%
take
57%
tall
57%
forever
56%
"Let's
56%
away
55%
kiss
55%
rosy
55%
cheeks
54%
clothes
54%
Nothing
54%
up
54%
very
54%
around
53%
around)
53%
end
53%
good
53%
memories
53%
bet
52%
Burning
51%
(burning)
51%
Follow
51%
(follow)
51%
(follow
51%
gonna
51%
request
51%
these
50%
lasts
49%
leave
49%
Drive
47%
sound
47%
voice
47%
familiar
46%
begins
45%
getting
45%
thought
45%
condition
44%
crowds"
44%
we've
44%
Someday
43%
pretend
42%
(pretend,
42%
pretend)
42%
Heaven
41%
help
41%
Tangled
36%
hindsight
30%
stayed
6%
Aucun quiz correspondant
Distribution des résultats
% des personnes avec chaque résultat
Percentile par nombre de réponses
Votre historique - résultats
Vous n’avez pas pris ce quiz